|
|
|
|
| LEADER |
00000naa2a2200000 4500 |
| 001 |
114623 |
| 005 |
20231214105219.0 |
| 035 |
|
|
|a (RuTPU)RU\TPU\book\123955
|
| 090 |
|
|
|a 114623
|
| 100 |
|
|
|a 20070424d2006 k y0rusy50 ca
|
| 101 |
0 |
|
|a rus
|
| 102 |
|
|
|a RU
|
| 200 |
1 |
|
|a Информационная система проведения экономической экспертизы инвестиционного проекта
|f А. Н. Важдаев
|
| 320 |
|
|
|a Библиогр.: 4 назв.
|
| 461 |
|
1 |
|0 (RuTPU)RU\TPU\book\111998
|t Современные техника и технологии
|o 12-я международная научно-практическая конференция студентов, аспирантов и молодых ученых, г. Томск, 27 марта - 31 марта 2006 г.
|o труды в 2 т.
|f Томский политехнический университет
|d 2006
|
| 463 |
|
0 |
|0 (RuTPU)RU\TPU\book\114157
|t Т. 2
|v С. 38-40
|d 2006
|p 518 с.
|
| 610 |
1 |
|
|a инвестиционные проекты
|
| 610 |
1 |
|
|a экспертиза
|
| 610 |
1 |
|
|a экономическая экспертиза
|
| 610 |
1 |
|
|a информационные системы
|
| 610 |
1 |
|
|a труды учёных ТПУ
|
| 700 |
|
1 |
|a Важдаев
|b А. Н.
|c специалист в области информатики и вычислительной техники
|c доцент, кандидат технических наук Юргинского технологического института (филиала) Томского политехнического университета
|f 1981-
|g Андрей Николаевич
|3 (RuTPU)RU\TPU\pers\24487
|9 10810
|
| 801 |
|
1 |
|a RU
|b 63413507
|c 20070424
|g PSBO
|
| 801 |
|
2 |
|a RU
|b 63413507
|c 20150916
|g RCR
|
| 942 |
|
|
|c BK
|